000 00680nam a2200241Ia 4500
005 20250117103549.0
008 008 250103s9999 xx 000 0 eng d
020 _a9780199652952
037 _aTextbook
040 _aCSL
_beng
_cCSL
041 _aeng
_2eng
084 _aC21 Q3-;1
_qCSL
100 _aDoi, Masao
_9715483
245 0 _aSoft matter physics
_cDoi, Masao
260 _aOxford
_bOxford University Press
_c2013
300 _axi, 257p. ill.
650 _a Ionic soft matter
_9715484
650 _a Liquid crystals
650 _a Soft matter solutions
_9733904
650 _aPhysics
942 _cTB
_hC21 Q3-;1
999 _c1237746
_d1237746